Adaptive reuse of the built heritage : (Record no. 607973)
[ view plain ]
| 000 -LEADER | |
|---|---|
| fixed length control field | 01254cam a2200337 i 4500 |
| 001 - CONTROL NUMBER | |
| control field | 21632371 |
| 003 - CONTROL NUMBER IDENTIFIER | |
| control field | OSt |
| 005 - DATE AND TIME OF LATEST TRANSACTION | |
| control field | 20240221105351.0 |
| 006 - FIXED-LENGTH DATA ELEMENTS--ADDITIONAL MATERIAL CHARACTERISTICS | |
| fixed length control field | m |o d | |
| 007 - PHYSICAL DESCRIPTION FIXED FIELD--GENERAL INFORMATION | |
| fixed length control field | cr ||||||||||| |
| 008 - FIXED-LENGTH DATA ELEMENTS--GENERAL INFORMATION | |
| fixed length control field | 181207s2019 enk ob 001 0 eng |
| 010 ## - LIBRARY OF CONGRESS CONTROL NUMBER | |
| LC control number | 2020693643 |
| 020 ## - INTERNATIONAL STANDARD BOOK NUMBER | |
| International Standard Book Number | 9781351665360 |
| 020 ## - INTERNATIONAL STANDARD BOOK NUMBER | |
| Canceled/invalid ISBN | 9781138062757 |
| 040 ## - CATALOGING SOURCE | |
| Original cataloging agency | DLC |
| Language of cataloging | eng |
| Description conventions | rda |
| Transcribing agency | DLC |
| Modifying agency | DLC |
| 042 ## - AUTHENTICATION CODE | |
| Authentication code | pcc |
| 050 00 - LIBRARY OF CONGRESS CALL NUMBER | |
| Classification number | TH3401 |
| 082 00 - DEWEY DECIMAL CLASSIFICATION NUMBER | |
| Classification number | 720.286 |
| Edition number | 23 |
| Author Mark | PLE |
| 100 1# - MAIN ENTRY--PERSONAL NAME | |
| Personal name | Plevoets, Bie, |
| Relator term | author. |
| 9 (RLIN) | 121011 |
| 245 10 - TITLE STATEMENT | |
| Title | Adaptive reuse of the built heritage : |
| Remainder of title | concepts and cases of an emerging discipline / |
| Statement of responsibility, etc. | Bie Plevoets and Koenraad Van Cleempoel. |
| 260 ## - PUBLICATION, DISTRIBUTION, ETC. | |
| Place of publication, distribution, etc. | London: |
| Name of publisher, distributor, etc. | Routledge; |
| Date of publication, distribution, etc. | 2019. |
| 300 ## - PHYSICAL DESCRIPTION | |
| Extent | 236 p.: |
| 504 ## - BIBLIOGRAPHY, ETC. NOTE | |
| Bibliography, etc. note | Includes bibliographical references and index. |
| 650 #0 - SUBJECT ADDED ENTRY--TOPICAL TERM | |
| Topical term or geographic name entry element | Buildings |
| General subdivision | Remodeling for other use. |
| 9 (RLIN) | 36346 |
| 700 1# - ADDED ENTRY--PERSONAL NAME | |
| Personal name | Cleempoel, Koenraad Van, |
| Relator term | author. |
| 9 (RLIN) | 121012 |
| 776 08 - ADDITIONAL PHYSICAL FORM ENTRY | |
| Relationship information | Print version: |
| Title | Adaptive reuse of the built heritage |
| Place, publisher, and date of publication | London ; New York : Routledge, Taylor & Francis Group, 2019. |
| International Standard Book Number | 9781138062757 (hbk.) |
| Record control number | (DLC) 2018058371 |
| 906 ## - LOCAL DATA ELEMENT F, LDF (RLIN) | |
| a | 7 |
| b | cbc |
| c | origcop |
| d | 1 |
| e | ecip |
| f | 20 |
| g | y-gencatlg |
| 942 ## - ADDED ENTRY ELEMENTS (KOHA) | |
| Source of classification or shelving scheme | |
| Koha item type | Book |
| Institution code [OBSOLETE] | SADA |
| Call number prefix | 720.286 PLE 2019 |
| Withdrawn status | Lost status | Source of classification or shelving scheme | Damaged status | Not for loan | Permanent Location | Current Location | Date acquired | Source of acquisition | Total Checkouts | Total Renewals | Full call number | Barcode | Date last seen | Date last checked out | Cost, replacement price | Price effective from | Koha item type |
|---|---|---|---|---|---|---|---|---|---|---|---|---|---|---|---|---|---|
| School of Art Design and Architecture (SADA) | School of Art Design and Architecture (SADA) | 09/17/2020 | Golden Books | 1 | 1 | 720.286 PLE 2019 | SADA0002851 | 05/12/2026 | 02/27/2024 | 5780.00 | 02/21/2024 | Book |
